|
|
|
|
| LEADER |
00896cam a2200229 7i4500 |
| 001 |
0000015204 |
| 005 |
20050412090000.0 |
| 020 |
0 |
0 |
|a 929132536
|
| 090 |
0 |
0 |
|a B 343.51087
|b BUS
|
| 245 |
0 |
0 |
|a Business guide to trade remedies in the United States :
|b Anti-dumping, countervailing and safeguards lagislation, practices and procedures.
|
| 260 |
0 |
0 |
|a Geneva:
|b International Trade Centre,
|c 2003.
|
| 650 |
0 |
0 |
|a Anti-dumping Duties --
|x Law and legislation --
|z United States
|
| 650 |
0 |
0 |
|a Subsidies --
|x Law and legislation --
|z United States
|
| 650 |
0 |
0 |
|a Trade remedies --
|z United States
|
| 650 |
0 |
0 |
|a Countervailing legislation --
|z United States
|
| 651 |
0 |
0 |
|a United States
|
| 710 |
2 |
1 |
|a UNCTAD
|
| 710 |
2 |
1 |
|a GATT
|
| 710 |
2 |
1 |
|a International Trade Centre
|
| 999 |
|
|
|a 0000020181
|b Book
|c Book
|e Business Information Centre
|
| 999 |
|
|
|a 0000015775
|b Book
|c Book
|e Business Information Centre
|